000 00350nam a2200157Ia 4500
003 OSt
005 20231123071733.0
008 170524s9999 xx 000 0 und d
020 _a1-25-902774-0
040 _cIIMT
100 _aGHILLYER- ANDREW
100 _c2012
245 0 _aMANAGEMENT: A REAL WORLD APPROACH
260 _aTMH
942 _2ddc
_c02
999 _c2709
_d2709